Modelovanie rekarbonizačného reaktora s fluidizovanou vrstvou diplomová práca

Saved in:
Bibliographic Details
Main Author: Vrabeľ, Martin
Format: Book
Language:Slovak
Published: Bratislava STU FCHPT 2017
Online Access:View in OPAC
Tags: Add Tag
No Tags, Be the first to tag this record!

MARC

LEADER 00000nam a2200000 a 4500
005 20260127133955.0
008 170816 2017 xo 001 0 slo d
035 |a vtls011707120 
039 9 |y 201708161327  |z mschk03 
040 |a STUSCHK1  |b slo  |c STUSCHK1  |e AACR2 
100 1 |a Vrabeľ, Martin 
245 1 |a Modelovanie rekarbonizačného reaktora s fluidizovanou vrstvou  |b diplomová práca  |c Martin Vrábeľ 
260 |a Bratislava  |b STU FCHPT  |c 2017 
300 |a 687 s.  |b il.  |c 25 cm 
500 |a Študijný program: technologie ochrany životného prostredia 
500 |a Študijný odbor: chemické technologie 
500 |a Školiace pracovisko:Oddelenie environmentálneho inžinierstva 
500 |a Evid. číslo: FCHPT-100568-44025 
910 |a SCHK95 
999 |c 1268  |d 1268